00333nam a2200109Ia 4500008004100000082000800041100002100049245003500070942000600105952009700111999001500208240331s9999 xx 000 0 und d bWAR aWarnapala, W.W.A 4aThe Sri Lankan political scene cL 001040708LaWERCLbWERCLcSSCd2024-03-31l0o 320.9 WARp3594r2024-03-31w2024-03-31yL c2330d2330